Lowest HDI Countries by Size - Statistics

General Stats
  • This quiz has been taken 17 times
    6 since last reset
  • The average score is 15 of 20
Answer Stats
HDI Country % Correct
0.380 Somalia
100%
0.381 South Sudan
100%
0.387 Central African Republic
80%
0.394 Chad
80%
0.481 Democratic Republic of the Congo
80%
0.493 Eritrea
80%
0.492 Ethiopia
80%
0.483 Guinea-Bissau
80%
0.644 India
80%
0.628 Kiribati
80%
0.410 Mali
80%
0.394 Niger
80%
0.548 Nigeria
80%
0.540 Pakistan
80%
0.562 Solomon Islands
80%
0.614 Vanuatu
80%
0.487 Liberia
60%
0.613 Sao Tome and Principe
60%
0.438 Sierra Leone
60%
0.586 Comoros
40%
No matching quizzes found
Score Distribution
Percent of People with Each Score
Percentile by Number Answered
Your Score History
You have not taken this quiz since the last reset